| 000 | 00000cas 2200000zi 4500 |
| 001 | 9.936942 |
| 003 | CaOODSP |
| 005 | 20251210093155 |
| 006 | m o d f |
| 007 | cr cn |||||||| |
| 008 | 240417c20219999mbctr p o f0### 0eng|d |
| 040 | |aCaOODSP|beng|erda|cCaOODSP |
| 043 | |an-cn--- |
| 086 | 1 |aCC192-6E-PDF |
| 110 | 2 |aFreshwater Fish Marketing Corporation (Canada)|eauthor, |eissuing body. |
| 245 | 10|a... financial report / |cFreshwater Fish Marketing Corporation. |
| 246 | 1 |iIssues for 1st quarter (fiscal 2024/2025)- have title: |aFinancial report (unaudited) |
| 264 | 1|a[Winnipeg] : |bFreshwater Fish Marketing Corporation, |c[2020]- |
| 310 | |aThree times a year |
| 336 | |atext|btxt|2rdacontent |
| 337 | |acomputer|bc|2rdamedia |
| 338 | |aonline resource|bcr|2rdacarrier |
| 362 | 1 |aBegan with: 1st quarter (fiscal 2020/2021). |
| 500 | |aIssued also in French under title: ... rapport financier. |
| 515 | |aReport year ends April 30. |
| 588 | |aDescription based on: 1st quarter (fiscal 2020/2021); title from PDF cover page. |
| 588 | |aLatest issue consulted: 3rd quarter (fiscal 2024/2025). |
| 610 | 20|aFreshwater Fish Marketing Corporation (Canada)|xFinance|vPeriodicals. |
| 650 | 0|aFinance, Public|zCanada|vPeriodicals. |
| 655 | 7|aPeriodicals|2lcgft |
| 775 | 08|t... rapport financier / |w(CaOODSP)9.936959 |
| 780 | 00|t... quarter report : |w(CaOODSP)9.936918 |